00364nam a2200133 a 4500008004100000050001600041100002400057245002700081246003400108260004000142300002400182350000900206650001500215120416s1978 ||||||||||||||||| || u aHB 3730 Arm aArmstrong, J. Scott10aLong-range forecasting afrom crystal ball to computer aNew YorkbJohn Wiley and Sonsc1978 axviii, 612p. : Ill. a0.00 aFORCASTING